Lôgíc học

Quyển sách nêu lên những kiến thức căn bản nhất về lôgíc học hình thức và lôgíc học biện chứng, các yếu tố và các phương pháp lôgíc của tư duy nhằm giúp sinh viên nắm vững và biết vận dụng nhứng hình thức, những quy tắc và quy luạ...

全面介紹

Đã lưu trong:
書目詳細資料
主要作者: Vũ, Ngọc Pha
格式: 圖書
語言:Undetermined
出版: Hà Nội Khoa học và kỹ thuật 2008
主題:
標簽: 添加標簽
沒有標簽, 成為第一個標記此記錄!
Thư viện lưu trữ: Trung tâm Học liệu Trường Đại học Cần Thơ
LEADER 01000nam a2200205Ia 4500
001 CTU_142155
008 210402s9999 xx 000 0 und d
020 |c 33000 
082 |a 160 
082 |b Ph100 
100 |a Vũ, Ngọc Pha 
245 0 |a Lôgíc học 
245 0 |c Vũ Ngọc Pha 
260 |a Hà Nội 
260 |b Khoa học và kỹ thuật 
260 |c 2008 
520 |a Quyển sách nêu lên những kiến thức căn bản nhất về lôgíc học hình thức và lôgíc học biện chứng, các yếu tố và các phương pháp lôgíc của tư duy nhằm giúp sinh viên nắm vững và biết vận dụng nhứng hình thức, những quy tắc và quy luật chi phối sự phát triển của tư duy vào học tập nghiên cứu vào cuộc sống... 
650 |a Logic 
904 |i Thanh Xuân 
980 |a Trung tâm Học liệu Trường Đại học Cần Thơ